| 000 | 00997nam a22002655a 4500 | ||
|---|---|---|---|
| 003 | OSt | ||
| 005 | 20170315114659.0 | ||
| 008 | 170313s2016 ua frb 000 0 ara d | ||
| 015 | _a2016 / 9570 | ||
| 020 | _a9789770481004 | ||
| 040 |
_aEG-ScBUE _bara _cEG-ScBUE |
||
| 043 | _af-ua--- | ||
| 082 | 0 | 4 |
_a345.62 _bف ي ت _222 |
| 100 | 1 | _aفيتوري، عطية عبد السلام. | |
| 245 | 1 | 2 |
_aالتنظيم القضائي لمرحلة التنفيذ العقابي : _bدراسة مقارنة / _cعطية عبد السلام الفيتوري. |
| 260 |
_aالقاهرة : _bدار النهضة العربية، _c2016. |
||
| 300 |
_a310 ص. ؛ _c24 سم. |
||
| 504 | _aيشتمل على إرجاعات ببليوجرافية. | ||
| 650 | 7 |
_2BUEsh _aتنفيذ الأحكام _zمصر. _941070 |
|
| 650 | 0 |
_2BUEsh _aقانون العقوبات _zمصر. _941137 |
|
| 650 | 0 |
_2BUEsh _aالتنظيم القضائي _zمصر. |
|
| 651 | _2BUEsh | ||
| 653 |
_bLLAAWW _cMarch2017 |
||
| 942 | _2ddc | ||
| 999 |
_c24431 _d24403 |
||